75 Nomes mais populares do Brasil começando com C - Statistics

Estatísticas Gerais
  • Esse quiz foi jogado 590 vezes
  • A pontuação média é 35 de 75
Estatísticas das Respostas
# NOMES FREQUÊNCIA % Correto
1 Carlos 1.489.191
98%
5 Carla 326.684
90%
2 Camila 471.559
85%
57 Carol 23.461
81%
12 Carolina 191.221
79%
6 Cláudia 259.494
75%
3 Cláudio 352.031
74%
27 Cristian/Christian 91.634
74%
9 Caroline 213.648
72%
23 Cecília 104.497
70%
8 Caio 227.778
69%
10 Cristiano 195.807
69%
11 Cristina 192.698
69%
17 Carmem/Carmen 135.516
68%
29 Clara 82.936
68%
16 César/Cézar 140.219
67%
13 Célia 184.516
66%
34 Cássia 67.901
63%
46 Cristiana 39.955
62%
44 Celina 48.127
61%
66 Camilo 14.505
60%
37 Carina 63.555
60%
40 Cássio 53.498
60%
26 Clarice/Clarisse 95.186
59%
4 Cristiane 328.790
59%
31 Célio 74.984
58%
14 Cíntia/Cínthia 144.884
58%
39 Catarina 61.865
57%
36 Camile/Camili 66.900
55%
35 Cátia 67.615
55%
18 Cauã/Cauan 131.661
54%
19 Celso 131.186
54%
15 Cleiton/Clayton 143.303
52%
22 Cleide 106.373
49%
43 Clóvis 48.361
47%
42 Caique 50.902
46%
58 Cassiano 22.089
46%
32 Charles 73.144
43%
7 Cícero 248.627
43%
24 Conceição 104.122
43%
69 Clarissa 13.633
42%
33 Creuza/Creusa 68.305
42%
25 Cléber 103.401
41%
20 Cleusa/Cleuza 126.699
41%
67 Cassiane 14.079
40%
50 Cauê 26.545
39%
38 Claudete 62.133
38%
48 Cibele 33.332
36%
75 Cristóvão 12.716
35%
64 Cândida 18.937
34%
74 Cândido 12.830
34%
59 Claudiana 21.436
34%
53 Claudiane 24.847
34%
30 Claudinei 75.463
34%
21 Cícera 108.658
33%
28 Cleonice 91.089
32%
73 Cacilda 12.934
31%
68 Ciro 13.935
31%
70 Cristofer/Christopher/Cristopher 13.301
29%
47 Carmelita 38.501
28%
41 Claudemir 51.579
28%
72 Celeste 12.984
26%
65 Clair 14.968
25%
60 Cilene 20.662
24%
55 Cléia 24.370
24%
52 Clodoaldo 25.168
24%
62 Carlito 19.346
23%
56 Claudionor 24.196
22%
49 Claudinéia 31.547
21%
71 Cleomar 13.064
20%
45 Cosme 42.773
20%
61 Cléberson 20.016
19%
63 Cléverson 19.073
15%
51 Cleidiane 26.227
13%
54 Crislaine 24.607
12%
Nenhum quiz correspondente encontrado
Distribuição das Pontuações
Porcentagem de Pessoas com Cada Pontuação
Percentil de Números Respondidos
Sua Pontuação Histórica
Você não jogou esse quiz